000
00328nam a22001337a 4500
008
250320b |||||||| |||| 00| 0 eng d
020
_a
0435186582
050
_a
PN 701
_b
.N44
100
_a
Neelands Jonathan
245
_a
Making Sense of Drama
260
_a
Oxford
_b
Heinemann Educational
_c
1984
300
_a
122p.
942
_c
BK
999
_c
2532
_d
2532